000 00309 a2200157 4500
001 159150
020 _a
040 _cMagnum
100 _a-
240 1 0 _aAlmanaque sacipan s.a
_lpor
245 1 0 _aAlmanaque sacipan s.a
362 0 _a1899
440 1 _aAbril
697 _aMAGNITO: GERAL
942 _cBK
999 _c159150
_d159150